000 00880nam 22002173 4500
001 197694
010 _a972-97580-5-0
021 _aPT
_b152082/00
090 _a197694
100 _a20250829d u||y0pory50 ba
200 _aAs Bibliotecas Públicas e a Sociedade da Informação : livro de actas
_eV Encontro de Leitura Pública do Distrito de Setúbal
_forganização Associação de Municípios do distrito de Setúbal ; coordenação Arlindo Mota
210 _aSetúbal
_cAssociação de Munícipios do Distrito de Setúbal
_dD. L. 2000
215 _a183 p.
_cbrochado
_d27 cm
300 _abilingue : português e inglês
606 _91270
_aBiblioteconomia
_xBibliotecas
675 _a027
_vPT
_zpor
702 _913741
_aMota
_bArlindo
_f1946-
710 _913740
_aAssociação de Municípios do Distrito de Setúbal
801 _aPT
_bBMMN
_gRPC
830 _cVanda
990 _cLIVROS